000 00304nam a2200121Ia 4500
008 090123s9999 xx 000 0 und d
082 _b30837
245 _aअकबर बिरबल
250 _a0
630 _aअकबर बिरबल
730 _aअकबर बिरबल
942 _cBOOK
999 _c67717
_d67717